header

Design of highway bridges (Record no. 74639)

MARC details
000 -LEADER
fixed length control field 02098nam a2200373 a 4500
082 04 - DEWEY DECIMAL CLASSIFICATION NUMBER
Classification number 624.2/5
100 1# - MAIN ENTRY--AUTHOR NAME
Personal name Barker, R. M.
245 10 - TITLE STATEMENT
Title Design of highway bridges
250 ## - EDITION STATEMENT
Edition statement 3rd ed.
260 ## - PUBLICATION, DISTRIBUTION, ETC. (IMPRINT)
Place of publication Hoboken :
Name of publisher Wiley,
Year of publication 2013.
300 ## - PHYSICAL DESCRIPTION
Number of Pages xvi, 528 p., [8] p. of plates :
Other physical details ill. (some col.)
505 0# - FORMATTED CONTENTS NOTE
Formatted contents note pt. I. General aspects of bridge design -- pt. II. Loads and analysis -- pt. III. Concrete bridges -- pt. IV. Steel bridges.
520 ## - SUMMARY, ETC.
Summary, etc "Here is the updated edition of Wiley's premier reference on the engineering design and analysis of short and medium-span bridges using the Load and Resistance Factor Design (LRFD) methodology. The text has been thoroughly updated throughout to conform with changes made in the latest edition of the AASHTO LRFD Bridge Design Specifications. With content reorganized into smaller and more succinct chapters, coverage also features computer modeling, calibration of service limit states, rigid method system analysis, the green aspects of recycled steel, and concrete shear"--
650 #0 - SUBJECT ADDED ENTRY--TOPICAL TERM
Topical Term Bridges
Topical Term Load factor design.
700 1# - ADDED ENTRY--PERSONAL NAME
Personal name Puckett, Jay Alan.
856 40 - ELECTRONIC LOCATION AND ACCESS
Uniform Resource Identifier http://site.ebrary.com/lib/rucke/Doc?id=10650023
520 ## - SUMMARY, ETC.
-- Provided by publisher.

No items available.

© 2026 Rongo University
Contact us: librarian | system librarian | Rongo university